000 00577nam a2200229Ia 4500
003 OSt
005 20221006141332.0
006 a|||||r|||| 00| 0
007 ta
008 221006b |||||||| |||| 00| 0 eng d
024 _a1,880
037 _cTextual
040 _aEASL
_cEASL
_beng
041 _2eng
_aeng
082 _aX.42.N64, L9
100 _aSEN Asim
_9645403
245 0 _aRoll of technological change in economic development
260 _c1979
300 _ap.
_ccm.
942 _hX.42.N64, L9
_cTEXL
_2CC
999 _c1069966
_d1069966